{"text_format":"3","workbook":"xlsx","n_sheets":16,"sheets":["招标控制价","总说明","工程项目造价汇总表","单项工程造价汇总表","单位工程造价汇总表","分部分项工程量清单与计价表","总价措施项目清单与计价表(含分项)","单价措施项目清单与计价表","其他项目清单与计价汇总表","暂列金额明细表","专业工程暂估价明细表","总承包服务费计价表","分部分项工程量清单综合单价分析表","单价措施项目清单综合单价分析表","人工、材料设备、机械汇总表","承包人提供的主要材料和设备清单(招标)"],"read":"whole","date_system":"1900"}

{"sheet":"招标控制价","index":0,"n_rows":31,"n_cols":7,"rows_kept":31,"merged":[[0,0,0,6],[1,0,1,6],[2,0,2,6],[3,0,3,6],[4,0,4,6],[5,0,5,6],[6,0,6,6],[7,0,7,6],[8,0,8,2],[8,4,8,5],[9,1,9,3],[9,4,9,5],[10,1,10,3],[10,4,10,5],[11,0,11,6],[12,0,12,1],[12,2,12,3],[12,5,12,6],[13,0,13,1],[13,2,13,3],[13,5,13,6],[14,0,14,6],[15,0,15,6],[16,0,16,6],[17,0,17,1],[17,2,17,3],[17,5,17,6],[18,0,18,1],[18,2,18,3],[18,5,18,6],[19,0,19,6],[20,0,20,6],[21,0,21,6],[22,0,22,1],[22,2,22,6],[23,0,23,1],[23,2,23,6],[24,0,24,6],[25,0,25,6],[26,0,26,6],[27,0,27,6],[28,0,28,3],[28,4,28,6],[29,0,29,6],[30,0,30,6]]}
[""]
[""]
["检验科主电缆（引自配电房）改造工程"]
[""]
[""]
["招 标 控 制 价"]
[""]
[""]
["招标控制价(小写):",null,null,"61369元","其中：甲供材料费",null,""]
["","",null,null,"",null,""]
["(大写):","陆万壹仟叁佰陆拾玖圆整",null,null,"其中：甲供材料费",null,""]
[""]
["招  标  人:",null,"",null,"造价咨询人:",""]
["",null,"(单位盖章)",null,"","(单位盖章或资质专用章)"]
[""]
[""]
[""]
["法定代表人\n或其授权人:",null,"",null,"法定代表人\n或其授权人:",""]
["",null,"(签字或盖章)",null,"","(签字或盖章)"]
[""]
[""]
[""]
["造价工程师：",null,""]
["",null,"(签字盖专用章)"]
[""]
[""]
[""]
[""]
["编制时间:",{"$nulls":3},"2022年07月22日"]
[""]
[""]

{"sheet":"总说明","index":1,"n_rows":2,"n_cols":2,"rows_kept":2,"merged":[[0,0,0,1],[2,0,2,1]]}
["总说明"]
["工程名称：检验科主电缆（引自配电房）改造工程预算审核","第1页 共1页"]

{"sheet":"工程项目造价汇总表","index":2,"n_rows":7,"n_cols":4,"rows_kept":7,"merged":[[2,0,2,3],[3,0,3,2],[6,0,6,1]]}
["","","",""]
["","","",""]
["工程项目造价汇总表"]
["工程名称:检验科主电缆（引自配电房）改造工程",null,null,"第1页 共1页"]
["序号","单项工程名称","金额(元)","其中:\n安全文明施工费(元)"]
["1","单项工程",{"v":61369,"d":"61369.00"},{"v":1269,"d":"1269.00"}]
["合  计",null,{"v":61369,"d":"61369.00"},{"v":1269,"d":"1269.00"}]

{"sheet":"单项工程造价汇总表","index":3,"n_rows":7,"n_cols":5,"rows_kept":7,"merged":[[1,0,1,4],[2,0,2,4],[3,0,3,3],[4,2,4,3],[5,2,5,3],[6,0,6,1],[6,2,6,3]]}
["","","","",""]
["单项工程造价汇总表"]
[""]
["工程名称：检验科主电缆（引自配电房）改造工程  单项工程",{"$nulls":3},"第1页 共1页"]
["序号","单位工程名称","金额(元)",null," 其中:\n安全文明施工费(元)"]
["1","安装工程",{"v":61369,"d":"61369.00"},null,{"v":1269,"d":"1269.00"}]
["合        计",null,{"v":61369,"d":"61369.00"},null,{"v":1269,"d":"1269.00"}]

{"sheet":"单位工程造价汇总表","index":4,"n_rows":18,"n_cols":4,"rows_kept":18,"merged":[[0,0,0,3],[1,0,1,3],[2,0,2,2],[3,2,3,3],[4,2,4,3],[5,2,5,3],[6,2,6,3],[7,2,7,3],[8,2,8,3],[9,2,9,3],[10,2,10,3],[11,2,11,3],[12,2,12,3],[13,2,13,3],[14,2,14,3],[15,2,15,3],[16,2,16,3],[17,0,17,1],[17,2,17,3]]}
["单位工程造价汇总表"]
[""]
["工程名称：检验科主电缆（引自配电房）改造工程 单项工程  安装工程",null,null,"第1页 共1页"]
["序号","汇 总 内 容","金 额(元)"]
["1","分部分项工程费",{"v":59315,"d":"59315.00"}]
["1.1","电气工程",{"v":59315,"d":"59315.00"}]
["1.2","水卫工程"]
["1.3","通风空调"]
["2","措施项目费",{"v":2054,"d":"2054.00"}]
["2.1","总价措施项目费",{"v":2054,"d":"2054.00"}]
["2.1.1","安全文明施工费",{"v":1269,"d":"1269.00"}]
["2.1.2","其他总价措施费",{"v":261,"d":"261.00"}]
["2.2","单价措施项目费"]
["3","其他项目费"]
["3.1","暂列金额"]
["3.2","专业工程暂估价"]
["3.3","总承包服务费"]
["合  计=1+2+3",null,{"v":61369,"d":"61369.00"}]

{"sheet":"分部分项工程量清单与计价表","index":5,"n_rows":18,"n_cols":11,"rows_kept":18,"merged":[[0,0,0,9],[1,0,1,9],[2,0,2,7],[2,8,2,9],[3,0,4,1],[3,2,4,2],[3,3,4,3],[3,4,4,4],[3,5,4,5],[3,6,4,6],[3,7,3,9],[4,7,4,8],[5,0,5,9],[6,0,6,9],[7,0,7,9],[8,0,8,1],[8,7,8,8],[9,0,9,1],[9,7,9,8],[10,0,10,1],[10,7,10,8],[11,0,11,1],[11,7,11,8],[12,0,12,1],[12,7,12,8],[13,0,13,1],[13,7,13,8],[14,0,14,1],[14,7,14,8],[15,0,15,9],[16,0,16,9],[17,0,17,8]]}
["分部分项工程量清单与计价表",{"$nulls":9},""]
["",{"$nulls":9},""]
["工程名称：检验科主电缆（引自配电房）改造工程",{"$nulls":7},"第1页 共1页",null,""]
["序号",null,"项目编码","项目名称","项目特征描述","计量单位","工程量","金    额(元)",null,null,""]
[{"$nulls":7},"综合单价",null,"合价",""]
["单项工程",{"$nulls":9},"单项工程(17安装)"]
["安装工程",{"$nulls":9},"单位工程(17安装)"]
["电气工程",{"$nulls":9},"分项工程(17安装)"]
["1",null,"030408001001","电力电缆","(1)YJV\n(2)4*95+1*50\n(3)铜\n(4)0.4kV","m",{"v":60,"d":"60.000"},{"v":450.1,"d":"450.10"},null,{"v":27006,"d":"27006.00"},""]
["2",null,"030408006001","电力电缆头","(1)4*95+1*50\n(2)低压电缆头\n(3)0.4kV","个",{"v":2,"d":"2.000"},{"v":292,"d":"292.00"},null,{"v":584,"d":"584.00"},""]
["3",null,"030408001002","电力电缆","(1)YJV\n(2)4*70+1*35\n(3)铜\n(4)0.4kV","m",{"v":69,"d":"69.000"},348.67,null,24058.23,""]
["4",null,"030408006002","电力电缆头","(1)4*70+1*35\n(2)低压电缆头\n(3)0.4kV","个",{"v":2,"d":"2.000"},227.55,null,{"v":455.1,"d":"455.10"},""]
["5",null,"030404017001","配电箱","(1)配电箱\n(2)一个总开两个分开关\n(3)NM1-400、NM1-250、NM1-200","台",{"v":1,"d":"1.000"},2155.66,null,2155.66,""]
["6",null,"030408001003","电力电缆","(1)YJV\n(2)4*185+1*90\n(3)铜\n(4)0.4kV","m",{"v":5,"d":"5.000"},826.27,null,4131.35,""]
["7",null,"030408006003","电力电缆头","(1)4*185+1*90\n(2)低压电缆头\n(3)0.4kV","个",{"v":2,"d":"2.000"},462.29,null,924.58,""]
["水卫工程",{"$nulls":9},"分项工程(17安装)"]
["通风空调",{"$nulls":9},"分项工程(17安装)"]
["合        计",{"$nulls":8},59314.92,""]

{"sheet":"总价措施项目清单与计价表(含分项)","index":6,"n_rows":22,"n_cols":5,"rows_kept":22,"merged":[[0,0,0,4],[1,0,1,4],[2,0,2,3],[4,0,4,4],[5,0,5,4],[6,0,6,4],[11,0,11,4],[16,0,16,4],[21,0,21,3]]}
["总价措施项目清单与计价表"]
[""]
["工程名称：检验科主电缆（引自配电房）改造工程",{"$nulls":3},"第1页 共1页"]
["序号","项 目 名 称","计 算 基 础\n(元)","费    率(%)","金    额(元)"]
["单项工程"]
["安装工程"]
["电气工程"]
["1","安全文明施工费",{"v":59315,"d":"59315.00"},"2.14",{"v":1269,"d":"1269.00"}]
["2","其他总价措施费",{"v":59315,"d":"59315.00"},"0.44",{"v":261,"d":"261.00"}]
["3","防尘喷雾措施费",{"v":1269,"d":"1269.00"},"10.5",{"v":133,"d":"133.00"}]
["4","疫情常态化防控措施费",{"v":59315,"d":"59315.00"},"0.66",{"v":391,"d":"391.00"}]
["水卫工程"]
["1","安全文明施工费",{"v":0,"d":"0.00"},"2.14",{"v":0,"d":"0.00"}]
["2","其他总价措施费",{"v":0,"d":"0.00"},"0.44",{"v":0,"d":"0.00"}]
["3","防尘喷雾措施费",{"v":0,"d":"0.00"},"10.5",{"v":0,"d":"0.00"}]
["4","疫情常态化防控措施费",{"v":0,"d":"0.00"},"0.66",{"v":0,"d":"0.00"}]
["通风空调"]
["1","安全文明施工费",{"v":0,"d":"0.00"},"2.14",{"v":0,"d":"0.00"}]
["2","其他总价措施费",{"v":0,"d":"0.00"},"0.44",{"v":0,"d":"0.00"}]
["3","防尘喷雾措施费",{"v":0,"d":"0.00"},"10.5",{"v":0,"d":"0.00"}]
["4","疫情常态化防控措施费",{"v":0,"d":"0.00"},"0.66",{"v":0,"d":"0.00"}]
["合    计",{"$nulls":3},{"v":2054,"d":"2054.00"}]

{"sheet":"单价措施项目清单与计价表","index":7,"n_rows":11,"n_cols":11,"rows_kept":11,"merged":[[0,0,0,9],[1,0,1,9],[2,0,2,7],[2,8,2,9],[3,0,4,1],[3,2,4,2],[3,3,4,3],[3,4,4,4],[3,5,4,5],[3,6,4,6],[3,7,3,9],[4,7,4,8],[5,0,5,9],[6,0,6,9],[7,0,7,9],[8,0,8,9],[9,0,9,9],[10,0,10,8]]}
["单价措施项目清单与计价表",{"$nulls":9},""]
["",{"$nulls":9},""]
["工程名称：检验科主电缆（引自配电房）改造工程",{"$nulls":7},"第1页 共1页",null,""]
["序号",null,"项目编码","项目名称","项目特征描述","计量单位","工程量","金    额(元)",null,null,""]
[{"$nulls":7},"综合单价",null,"合价",""]
["单项工程",{"$nulls":9},"单项工程(17安装)"]
["安装工程",{"$nulls":9},"单位工程(17安装)"]
["电气工程",{"$nulls":9},"分项工程(17安装)"]
["水卫工程",{"$nulls":9},"分项工程(17安装)"]
["通风空调",{"$nulls":9},"分项工程(17安装)"]
["合       计",{"$nulls":9},""]

{"sheet":"其他项目清单与计价汇总表","index":8,"n_rows":8,"n_cols":4,"rows_kept":8,"merged":[[0,0,0,3],[1,0,1,3],[2,0,2,2],[7,0,7,1]]}
["其他项目清单与计价汇总表"]
[""]
["工程名称：检验科主电缆（引自配电房）改造工程",null,null,"第1页 共1页"]
["序号","项 目 名 称","金额(元)","备注"]
["1","暂列金额",null,""]
["2","专业工程暂估价",null,""]
["3","总承包服务费",null,""]
["合    计",null,null,"——"]

{"sheet":"暂列金额明细表","index":9,"n_rows":12,"n_cols":5,"rows_kept":12,"merged":[[0,0,0,4],[1,0,1,4],[2,0,2,2],[2,3,2,4],[3,2,3,3],[4,2,4,3],[5,2,5,3],[6,2,6,3],[7,2,7,3],[8,2,8,3],[9,2,9,3],[10,2,10,3],[11,0,11,1],[11,2,11,3]]}
["暂列金额明细表"]
[""]
["工程名称：检验科主电缆（引自配电房）改造工程",null,null,"第1页 共1页"]
["序号","项 目 名 称","金额(元)",null,"备  注"]
["1","设计变更和现场签证暂列金额",null,null,""]
["2","优质工程增加费",null,null,""]
["3","缩短定额工期增加费",null,null,""]
["4","发包人检测费",null,null,""]
["5","工程噪音超标排污费",null,null,""]
["6","渣土收纳费",null,null,""]
["7","加固工程检测费用",null,null,""]
["合    计",{"$nulls":3},"——"]

{"sheet":"专业工程暂估价明细表","index":10,"n_rows":5,"n_cols":5,"rows_kept":5,"merged":[[0,0,0,4],[1,0,1,4],[2,0,2,2],[2,3,2,4],[3,2,3,3],[4,0,4,1],[4,2,4,3]]}
["专业工程暂估价明细表"]
[""]
["工程名称：检验科主电缆（引自配电房）改造工程",null,null,"第1页 共1页"]
["序号","项 目 名 称","金额(元)",null,"备  注"]
["合    计",{"$nulls":3},"——"]

{"sheet":"总承包服务费计价表","index":11,"n_rows":5,"n_cols":5,"rows_kept":5,"merged":[[0,0,0,4],[1,0,1,4],[2,0,2,3],[4,0,4,3]]}
["总承包服务费计价表"]
[""]
["工程名称：检验科主电缆（引自配电房）改造工程",{"$nulls":3},"第1页 共1页"]
["序号","项 目 名 称","计算基础(元)","费率(%)","金额(元)"]
["合    计"]

{"sheet":"分部分项工程量清单综合单价分析表","index":12,"n_rows":29,"n_cols":15,"rows_kept":29,"merged":[[0,0,0,13],[1,0,1,13],[2,0,2,11],[2,12,2,13],[3,0,4,0],[3,1,4,1],[3,2,4,2],[3,3,4,3],[3,4,4,4],[3,5,3,12],[3,13,4,13],[5,0,5,13],[6,0,6,13],[7,0,7,13],[18,0,18,13],[19,0,19,13],[20,0,20,11],[20,12,20,13],[21,0,22,0],[21,1,22,1],[21,2,22,2],[21,3,22,3],[21,4,22,4],[21,5,21,12],[21,13,22,13],[27,0,27,13],[28,0,28,13]]}
["分部分项工程量清单综合单价分析表",{"$nulls":13},""]
["",{"$nulls":13},""]
["工程名称：检验科主电缆（引自配电房）改造工程",{"$nulls":11},"第1页 共2页",null,""]
["序号","项目编码","项目名称及特征描述","单位","工程量","综合单价组成(元)",{"$nulls":7},"综合单价\n(元)",""]
[{"$nulls":5},"人工费","材料费","其中：\n设备费","施工机具使用费","企业管理费","利润","规费","税金",null,""]
["单项工程",{"$nulls":13},"单项工程(17安装)"]
["安装工程",{"$nulls":13},"单位工程(17安装)"]
["电气工程",{"$nulls":13},"分项工程(17安装)"]
["1","030408001001","电力电缆\n(1)YJV\n(2)4*95+1*50\n(3)铜\n(4)0.4kV","m",{"v":60,"d":"60.000"},9.64,344.05,null,1.11,34.77,23.37,null,37.16,{"v":450.1,"d":"450.10"},""]
["1.1","30409140T","室内铜芯电力电缆敷设(电缆截面≤120mm2)","m",{"v":60,"d":"60.000"},9.64,344.05,null,1.11,34.77,23.37,null,37.16,{"v":450.1,"d":"450.10"},""]
["2","030408006001","电力电缆头\n(1)4*95+1*50\n(2)低压电缆头\n(3)0.4kV","个",{"v":2,"d":"2.000"},86.54,143.63,null,null,22.56,15.16,null,24.11,{"v":292,"d":"292.00"},""]
["2.1","30409226","1KV以下室内干包式铜芯电力电缆(电缆截面≤120mm2)","个",{"v":2,"d":"2.000"},86.54,143.63,null,null,22.56,15.16,null,24.11,{"v":292,"d":"292.00"},""]
["3","030408001002","电力电缆\n(1)YJV\n(2)4*70+1*35\n(3)铜\n(4)0.4kV","m",{"v":69,"d":"69.000"},{"v":8.1,"d":"8.10"},265.67,null,1.07,26.93,18.11,null,28.79,348.67,""]
["3.1","30409139T","室内铜芯电力电缆敷设(电缆截面≤70mm2)","m",{"v":69,"d":"69.000"},{"v":8.1,"d":"8.10"},265.67,null,1.07,26.93,18.11,null,28.79,348.67,""]
["4","030408006002","电力电缆头\n(1)4*70+1*35\n(2)低压电缆头\n(3)0.4kV","个",{"v":2,"d":"2.000"},75.59,103.77,null,null,17.58,11.82,null,18.79,227.55,""]
["4.1","30409225","1KV以下室内干包式铜芯电力电缆(电缆截面≤70mm2)","个",{"v":2,"d":"2.000"},75.59,103.77,null,null,17.58,11.82,null,18.79,227.55,""]
["5","030404017001","配电箱\n(1)配电箱\n(2)一个总开两个分开关\n(3)NM1-400、NM1-250、NM1-200","台",{"v":1,"d":"1.000"},160.05,1539.16,null,null,166.52,111.94,null,177.99,2155.66,""]
["5.1","30402077T","成套配电箱（一个总开两个分开关）","台",{"v":1,"d":"1.000"},160.05,1539.16,null,null,166.52,111.94,null,177.99,2155.66,""]
["分部分项工程量清单综合单价分析表",{"$nulls":13},""]
["",{"$nulls":13},""]
["工程名称：检验科主电缆（引自配电房）改造工程预算审核",{"$nulls":11},"第2页 共2页",null,""]
["序号","项目编码","项目名称及特征描述","单位","工程量","综合单价组成(元)",{"$nulls":7},"综合单价\n(元)",""]
[{"$nulls":5},"人工费","材料费","其中：\n设备费","施工机具使用费","企业管理费","利润","规费","税金",null,""]
["6","030408001003","电力电缆\n(1)YJV\n(2)4*185+1*90\n(3)铜\n(4)0.4kV","m",{"v":5,"d":"5.000"},13.37,633.86,null,4.08,63.83,42.91,null,68.22,826.27,""]
["6.1","30409141T","室内铜芯电力电缆敷设(电缆截面≤240mm2)","m",{"v":5,"d":"5.000"},13.37,633.86,null,4.08,63.83,42.91,null,68.22,826.27,""]
["7","030408006003","电力电缆头\n(1)4*185+1*90\n(2)低压电缆头\n(3)0.4kV","个",{"v":2,"d":"2.000"},113.44,250.96,null,null,35.71,24.01,null,38.17,462.29,""]
["7.1","30409227","1KV以下室内干包式铜芯电力电缆(电缆截面≤240mm2)","个",{"v":2,"d":"2.000"},113.44,250.96,null,null,35.71,24.01,null,38.17,462.29,""]
["水卫工程",{"$nulls":13},"分项工程(17安装)"]
["通风空调",{"$nulls":13},"分项工程(17安装)"]

{"sheet":"单价措施项目清单综合单价分析表","index":13,"n_rows":10,"n_cols":15,"rows_kept":10,"merged":[[0,0,0,13],[1,0,1,13],[2,0,2,11],[2,12,2,13],[3,0,4,0],[3,1,4,1],[3,2,4,2],[3,3,4,3],[3,4,4,4],[3,5,3,12],[3,13,4,13],[4,11,4,12],[5,0,5,13],[6,0,6,13],[7,0,7,13],[8,0,8,13],[9,0,9,13]]}
["单价措施项目清单综合单价分析表",{"$nulls":13},""]
["",{"$nulls":13},""]
["工程名称：检验科主电缆（引自配电房）改造工程",{"$nulls":11},"第1页 共1页",null,""]
["序号","项目编码","项目名称及特征描述","单位","工程量","综合单价组成(元)",{"$nulls":7},"综合单价\n(元)",""]
[{"$nulls":5},"人工费","材料费","施工机具使用费","企业管理费","利润","规费","税金",null,null,""]
["单项工程",{"$nulls":13},"单项工程(17安装)"]
["安装工程",{"$nulls":13},"单位工程(17安装)"]
["电气工程",{"$nulls":13},"分项工程(17安装)"]
["水卫工程",{"$nulls":13},"分项工程(17安装)"]
["通风空调",{"$nulls":13},"分项工程(17安装)"]

{"sheet":"人工、材料设备、机械汇总表","index":14,"n_rows":62,"n_cols":8,"rows_kept":62,"merged":[[0,0,0,7],[1,0,1,7],[2,0,2,5],[2,6,2,7],[42,0,42,7],[43,0,43,7],[44,0,44,5],[44,6,44,7]]}
["人工、材料设备、机械汇总表"]
[""]
["工程名称：检验科主电缆（引自配电房）改造工程",{"$nulls":5},"第1页 共2页"]
["序号","工料机编码","工料机名称","规格、型号等特殊要求","单位","数量","单价","合价"]
["一","","人工","","","","",0]
["1","00010040","定额人工费","","元","","",1915.25]
["二","","材料","","","","",""]
["1","01530010","封铅","含铅65% 锡35%","kg",2.026,{"v":48.67,"d":"48.670"},98.61]
["2","02070240","橡胶垫","δ2","m2",0.134,{"v":3.27,"d":"3.270"},0.44]
["3","02130120","三色塑料带","20mm×40m","m",2.994,{"v":0.28,"d":"0.280"},0.84]
["4","02270001","白布","","kg",4.905,{"v":25.11,"d":"25.110"},123.16]
["5","02270260","棉纱","","kg",{"v":0.1,"d":"0.100"},{"v":5.29,"d":"5.290"},0.53]
["6","03015460","膨胀螺栓","M10","套",{"v":20.14,"d":"20.140"},{"v":0.93,"d":"0.930"},18.73]
["7","03130280","焊锡丝","","kg",{"v":0.92,"d":"0.920"},{"v":92.04,"d":"92.040"},84.68]
["8","03130300","松香焊锡丝","综合","m",{"v":0.08,"d":"0.080"},{"v":1.38,"d":"1.380"},0.11]
["9","03130650","焊锡膏","","kg",0.184,{"v":33.63,"d":"33.630"},6.19]
["10","03130850","冲击钻头","Φ12","只",0.134,{"v":8.85,"d":"8.850"},1.19]
["11","03130970","合金钢钻头","Φ10","个",0.198,{"v":3.66,"d":"3.660"},0.72]
["12","03210660","平垫铁","综合","kg",{"v":0.15,"d":"0.150"},{"v":4.48,"d":"4.480"},0.67]
["13","13010160","酚醛调和漆","","kg",{"v":0.03,"d":"0.030"},{"v":11.97,"d":"11.970"},0.36]
["14","13050100","醇酸防锈漆","C53-1","kg",{"v":0.01,"d":"0.010"},{"v":8.92,"d":"8.920"},0.09]
["15","13050220","沥青绝缘漆","","kg",0.199,{"v":13.27,"d":"13.270"},2.64]
["16","14030060","汽油","92#","kg",3.802,{"v":9.82,"d":"9.820"},37.34]
["17","14090010","电力复合酯","综合","kg",0.826,{"v":25.4,"d":"25.400"},20.98]
["18","14330190","硬脂酸","一级","㎏",0.134,{"v":7.38,"d":"7.380"},0.99]
["19","17250001","塑料管","","kg",{"v":0.18,"d":"0.180"},{"v":11.62,"d":"11.620"},2.09]
["20","18037100","固定卡子","Φ90","个",{"v":12.36,"d":"12.360"},{"v":2.52,"d":"2.520"},31.15]
["21","27170170","自粘性塑料带","20×20000","卷",{"v":0.15,"d":"0.150"},{"v":13.27,"d":"13.270"},1.99]
["22","27170180","电气绝缘胶带","18mm×10m×0.13mm","卷",{"v":2.4,"d":"2.400"},{"v":4.42,"d":"4.420"},10.61]
["23","28010390","镀锡裸铜软绞线","TJRX 16MM2","kg",1.766,{"v":38.05,"d":"38.050"},{"v":67.2,"d":"67.20"}]
["24","28010420","硬铜绞线","TJ-2.5～4","m",6.461,{"v":3.02,"d":"3.020"},19.51]
["25","28110020","铜芯聚氯乙烯绝缘聚氯乙烯护套电力电缆","YJV-4*185+1*90","m",{"v":5.05,"d":"5.050"},{"v":622,"d":"622.000"},{"v":3141.1,"d":"3141.10"}]
["26","28110020","铜芯聚氯乙烯绝缘聚氯乙烯护套电力电缆","YJV-4*70+1*35","m",{"v":69.69,"d":"69.690"},{"v":259,"d":"259.000"},18049.71]
["27","28110020","铜芯聚氯乙烯绝缘聚氯乙烯护套电力电缆","YJV-4*95+1*50","m",{"v":60.6,"d":"60.600"},{"v":335,"d":"335.000"},{"v":20301,"d":"20301.00"}]
["28","29060680","镀锌电缆吊挂","3.0×100","套",{"v":0.31,"d":"0.310"},{"v":1.81,"d":"1.810"},0.56]
["29","29090290","铜接线端子","DT-6","个",{"v":2.03,"d":"2.030"},{"v":1.33,"d":"1.330"},{"v":2.7,"d":"2.70"}]
["30","29090310","铜接线端子","DT-16","个",{"v":6.12,"d":"6.120"},{"v":2.65,"d":"2.650"},16.22]
["31","29090350","铜接线端子","DT-70","个",{"v":7.52,"d":"7.520"},{"v":12.39,"d":"12.390"},93.17]
["32","29090370","铜接线端子","DT-120","个",{"v":7.52,"d":"7.520"},{"v":21.24,"d":"21.240"},159.72]
["33","29090400","铜接线端子","DT-240","个",{"v":7.52,"d":"7.520"},{"v":42.48,"d":"42.480"},319.45]
["34","29250020","镀锌电缆吊挂","3.0×50","套",8.919,{"v":30.17,"d":"30.170"},269.09]
["35","29250090","镀锌电缆卡子","2×35","套",16.146,{"v":3.15,"d":"3.150"},50.86]
["人工、材料设备、机械汇总表"]
[""]
["工程名称：检验科主电缆（引自配电房）改造工程预算审核",{"$nulls":5},"第2页 共2页"]
["序号","工料机编码","工料机名称","规格、型号等特殊要求","单位","数量","单价","合价"]
["36","29250110","镀锌电缆卡子","3×50","套",{"v":13.38,"d":"13.380"},{"v":7.76,"d":"7.760"},103.83]
["37","29250120","镀锌电缆卡子","3×100","套",{"v":1.17,"d":"1.170"},{"v":14.28,"d":"14.280"},16.71]
["38","29270060","电缆敷设滚轮","","个",{"v":0.13,"d":"0.130"},{"v":258.62,"d":"258.620"},33.62]
["39","29270070","电缆敷设牵引头","","只",0.065,{"v":5.17,"d":"5.170"},0.34]
["40","29270080","电缆敷设转向导轮","","个",0.065,{"v":60.34,"d":"60.340"},3.92]
["41","34070040","塑料手套","ST型","个",{"v":6.3,"d":"6.300"},{"v":7.83,"d":"7.830"},49.33]
["42","34130010","标志牌","塑料扁形","个",{"v":8.04,"d":"8.040"},{"v":0.88,"d":"0.880"},7.08]
["43","49010030","其他材料费","","%",29.833,{"v":1,"d":"1.000"},29.83]
["44","49011001","成套配电箱（一个总开两个分开关）","","台",{"v":1,"d":"1.000"},{"v":1500,"d":"1500.000"},{"v":1500,"d":"1500.00"}]
["三","","设备","","","","",""]
["四","","施工机具","","","","",""]
["1","98110100","高压绝缘电阻测试仪","","台班",0.188,{"v":39.84,"d":"39.840"},7.47]
["2","99070520","载货汽车","装载质量5t","台班",{"v":0.1,"d":"0.100"},576.953,57.87]
["3","99090310","汽车式起重机","提升质量8t","台班",{"v":0.09,"d":"0.090"},872.945,78.83]
["4","99090320","汽车式起重机","提升质量10t","台班",0.015,943.287,14.15]
["5","99250001","交流弧焊机","容量21kVA","台班",0.046,54.398,2.48]

{"sheet":"承包人提供的主要材料和设备清单(招标)","index":15,"n_rows":6,"n_cols":9,"rows_kept":6,"merged":[[0,0,0,8],[1,0,1,8],[2,0,2,3],[2,4,2,6],[2,7,2,8],[3,0,4,0],[3,1,4,1],[3,2,4,2],[3,3,4,3],[3,4,4,4],[3,5,4,5],[3,6,4,6],[3,7,4,7],[3,8,4,8],[5,0,5,7]]}
["承包人提供的主要材料和设备清单"]
["(招标阶段)"]
["工程名称：检验科主电缆（引自配电房）改造工程",{"$nulls":3},"标段：",null,null,"第1页 共1页"]
["序号","名称、规格、型号","单位","数量","基准单价\n（元）","风险承包幅度(%)","招标控制价(或施工图预算)中的单价\n(元)","金额\n（元）","比例\n（%）"]
[]
["累计比例：",{"$nulls":7},{"v":0,"d":"0.00"}]